As Level Business Studies for AQA. (Record no. 3194)

MARC details
005 - DATE AND TIME OF LATEST TRANSACTION
control field 20250605095512.0
020 ## - INTERNATIONAL STANDARD BOOK NUMBER
International Standard Book Number 1-902796-00-4
082 ## - DEWEY DECIMAL CLASSIFICATION NUMBER
Classification number TEA.LECT 658 AND
100 ## - MAIN ENTRY--PERSONAL NAME
Author name ANDERTON, A.
245 ## - TITLE STATEMENT
Title As Level Business Studies for AQA.
260 ## - PUBLICATION, DISTRIBUTION, ETC.
Place of publication, distribution, etc. Lancashire,
Name of publisher, distributor, etc. Causeway,
Date of publication, distribution, etc. 2003.
300 ## - PHYSICAL DESCRIPTION
Extent 304p.: ill.; figure, table
Other physical details Index
Dimensions 28cm.
942 ## - ADDED ENTRY ELEMENTS (KOHA)
Source of classification or shelving scheme Dewey Decimal Classification
Koha item type Books
Holdings
Date last seen Total checkouts Full call number Barcode Cost, replacement price Price effective from Koha item type Lost status Source of classification or shelving scheme Damaged status Not for loan Withdrawn status Home library Current library Shelving location Date acquired Cost, normal purchase price
06/27/2025   658 AND DOM0002023 153072.00 06/27/2025 Books   Dewey Decimal Classification       CBE Dodoma CBE Dodoma General Collection 04/22/2005 51024.00
06/05/2025   TEA.LECT 658 AND 00000011144 153072.00 06/05/2025 Books   Dewey Decimal Classification       College of Business Education Main Library College of Business Education Main Library General Collection 04/22/2005 51024.00
06/05/2025   TEA.LECT 658 AND 00000011145 153072.00 06/05/2025 Books   Dewey Decimal Classification       College of Business Education Main Library College of Business Education Main Library General Collection 04/22/2005 51024.00
06/05/2025   TEA.LECT 658 AND 00000011146 153072.00 06/05/2025 Books   Dewey Decimal Classification       College of Business Education Main Library College of Business Education Main Library General Collection 04/22/2005 51024.00